Statistics for Every Dire Straits song that hit the Billboard hot 100

Click here to take the quiz!

General Stats

  • This quiz has been taken 69 times
  • The average score is 4 of 7

Answer Stats

Peak Chart PositionYearSong% Correct
51979Sultans Of Swing
95%
11985Money For Nothing
93%
71986Walk Of Life
84%
191986So Far Away
47%
451979Lady Writer
25%
751983Industrial Disease
24%
581981Skateaway
16%

Score Distribution

Percentile by Number Answered

Percent of People with Each Score

Your Score History

You have not taken this quiz